000 00822cam a2200229 4500
001 ABS61919
008 000000n2000 000 0 eng u
035 _a(Sirsi) u104291
100 _aGuy, C.
245 _aStore wars - the phantom menace
260 _c2000
490 _aTown & Country Planning
_v51(2) February 2000 50-51(2)
520 _aOutlines two trends causing concern among retailers and the impact these trends may have on local high streets. The trends being the growth of a few multinational retailers and the rapid increase in the use of internet and other types of e-tailing.
590 _aABS
650 _aINTERNET
650 _aSUPERSTORES
650 _aTOWN CENTRES
650 _aRETAILING
650 _aWAL-MART
690 _aPROPERTY-COMMERCIAL PROPERTY-RETAIL PROPERTY
942 _n0
999 _c62570
_d62570